01124nam a2200193Ia 4500001001100000003001000011008004100021040002500062041001300087100002000100245005900120250001100179260006200190300001200252500026000264501011400524520026000638650003200898L540-26060IT-CnALBA170116s9999||||xx |||||||||||||| ||und|| aIT-CnALBAcIT-CnALBA aITALIANO aRESTAINO SILVIA 0aCHIMICA E MINERALOGIA. PER LE SCUOLE MEDIE SUPERIORI.  a1a ed. a TO BO CT PAbSOCIETÀ ED. INTER. c1953 [1° Ed.: n.d.] a350 p.  aDONO DI BRUNO TOMMASO, SSP. V RISTAMPA. INDICE ANALITICO. CLASSIFICAZIONE. NOMENCLATURA CHIMICA. LEGGI DELLE CHIMICA. CRISTALLOGRAFIA. CHIMICA INORGANICA E MINERALOGIA DESCRITTIVA. METALLOIDI. METALLI. CHIMICA ORGANICA. ALCOLI. ACIDI. COMPOSTI E FUSIONE M aSocietà San Paolo EM - Piazza San Paolo, 14 - 12051 ALBA (CN) (non commercial uses only) ® Copyright 2017 aDONO DI BRUNO TOMMASO, SSP. V RISTAMPA. INDICE ANALITICO. CLASSIFICAZIONE. NOMENCLATURA CHIMICA. LEGGI DELLE CHIMICA. CRISTALLOGRAFIA. CHIMICA INORGANICA E MINERALOGIA DESCRITTIVA. METALLOIDI. METALLI. CHIMICA ORGANICA. ALCOLI. ACIDI. COMPOSTI E FUSIONE M aCHIMICA E SCIENZE COLLEGATE